000 00317nam a22001337a 4500
020 _a9780138958633
040 _cNust
082 _a006.3
_bHAY
100 _aHaykin, Simon
245 _aNeural Networks
260 _aNew Jersey:
_bPrentice -Hall ,Inc,
_c1994.
650 _aNeural Networks
_958055
942 _2ddc
_cBK
999 _c610096
_d610096